000 00521nam a2200169 4500
999 _c4335
_d4335
008 160905b xxu||||| |||| 00| 0 eng d
022 _a2094-8042
082 _aDPer 370.105 M72 Jan-Dec 2012 v. 60-61
100 _914099
_aCruz, Benita C.
243 _aThe modern teacher
245 _aTamang nutrisyon/
_cBenita C. Cruz.
260 _aPhilippines:
_bIn the Grade School, Inc.,
_c©2012.
300 _av61 n2, page 79;
_c28 cm.
500 _aThe Modern Teacher.
650 0 _914100
_aNutrition
942 _2ddc
_cPER